000 00645cam a22002293a 4500
001 19121
003 PGUSA
005 20140828083415.0
008 060825s2006||||xxu|||||s|||||000 1 eng d
040 _aPGUSA
_beng
042 _adc
050 4 _aPR
100 1 _aLawrence, George A.
_q(George Alfred),
_d1827-1876
245 1 0 _aSword and Gown :
_bA Novel
_h[electronic resource] /
_cGeorge A. Lawrence
260 _bProject Gutenberg,
_c2006
506 _aPublic domain in the USA.
516 _aElectronic text
653 _aFiction
830 0 _aProject Gutenberg
_v19121
856 4 0 _uhttp://www.gutenberg.org/ebooks/19121
942 _cEB
999 _c248376
_d248376